Fotografi digital cara mudah
| Main Author: | |
|---|---|
| Other Authors: | |
| Format: | Book |
| Published: |
Batu Caves, Selangor :
Venton Pub. (M), ,
2006
|
| Series: | Siri media digital
|
| Subjects: |
MARC
| LEADER | 00000cam a2200000 7i4500 | ||
|---|---|---|---|
| 001 | 0000003590 | ||
| 005 | 20070810.0 | ||
| 020 | 0 | 0 | |a 9832661986 |
| 090 | 0 | 0 | |a 775 |b ISK |
| 100 | 1 | 0 | |a Iskandar Ab Rashid, , |d 1963- |
| 245 | 1 | 0 | |a Fotografi digital cara mudah |c Iskandar Ab Rashid, Zaitun Ismail |
| 260 | 0 | 0 | |a Batu Caves, Selangor : |b Venton Pub. (M), , |c 2006 |
| 300 | |a [216]ms. : |b il. ; |c 26cm. | ||
| 440 | 0 | 0 | |a Siri media digital |
| 650 | 0 | 0 | |a Photography |x Digital techniques |
| 700 | 1 | 1 | |a Zaitun Ismail |
| 999 | |a 0000007115 |b Monograph |c Open Shelf |e Default branch | ||